00896naa#a2200193#i#4500001002000000005001700020011001400037100004100051102000700092200017800099210007800277215001100355608004500366675010300411700005200514700006000566700006000626856001600686RU\RIOR\bibl\12628020260629121042.1##a2409-6024##a20260530b2026####ek#y0rusy0150####ca##aRU1#aИНТЕГРАЦИЯ ESG-ПОКАЗАТЕЛЕЙ В СИСТЕМУ СТРАТЕГИЧЕСКОГО КОНТРОЛЛИНГА КОМПАНИИeЖурнальная статья1#aМоскваcООО "Издательский Центр РИОР"d2026##a13 с.##aЖурнальная статья2local##aЭкономика. Народное хозяйство. Экономические науки. 33#1aКожинаgВероника Олеговна#1aРябиченкоgСергей Анатольевич#1aХолодковgДенис Александрович4#ariorpub.com